000 00668nam a2200169 i 4500
001 185169
003 ES-MaACL
005 20230906222348.0
008 160331s1887 sp |||| | spa d
110 2 _aOrden de San Hermenegildo.
_9140270
245 1 0 _aEscalafón general y reglamento de la Real y Militar Orden de San Hermenegildo
_b: (en 15 de octubre de 1887).
260 _aMadrid :
_b[s.n.],
_c1887 (
_fR. Velasco)
300 _a79 p. ;
_c24 cm.
610 2 4 _aOrden de San Hermenegildo-
_vReglamentos.
_9160832
610 2 4 _aOrden de San Hermenegildo-
_vEscalafones.
_9160833
852 _aES-MaACL
_jT-451-F-5
_z.- Enc. en un vol. facticio falto de la cub. original
999 _c185169
_d185169